| 000 | 00795nam a22002057a 4500 | ||
|---|---|---|---|
| 003 | OSt | ||
| 005 | 20250211174812.0 | ||
| 008 | 241003b |||||||| |||| 00| 0 eng d | ||
| 040 | _c0 | ||
| 100 |
_aAnana,Krestine Mea C. _eauthor. _962130 |
||
| 245 |
_aTax compliance of digos city market vendors / _cKrestine Mea C. Anana, Desiree O. Calumpiano, Ailen Mae E. Epe, and Jeaneth P. Tormis. |
||
| 260 |
_aPhilippines ; _bUniversity of Mindanao, _c2021. |
||
| 300 |
_avolume 13, pages 38-66, _billustration. |
||
| 500 | _aResearch Journal, v. 13, iss. 1, pages 38-66, 2021. | ||
| 700 |
_aAƱana, Krestine Mea C. _941272 |
||
| 700 |
_aCalumpiano, Desiree O. _eauthor. _964607 |
||
| 700 |
_aEpe, Ailen Mae E. _eauthor. _964608 |
||
| 700 |
_aTormis, Jeaneth P. _eauthor. _964609 |
||
| 942 |
_2ddc _cPER |
||
| 999 |
_c22157 _d22157 |
||